KYC – Know Your Customer

Saved in:
Bibliographic Details
Main Author: Hanzel, Tomáš (Author)
Other Authors: Bindas, Bystrík (Thesis advisor)
Format: Manuscript Book
Language:Slovak
Published: 2022
Subjects:
Online Access:http://is.stuba.sk/zp/portal_zp.pl?podrobnosti=149755
Tags: Add Tag
No Tags, Be the first to tag this record!

MARC

LEADER 00000ntm a22000003a 4500
001 stuzp88001
003 SK-STU
005 20220625210716.0
007 ta
008 150427s2015----xo-----f-mn---000-0-slo-d
040 |a STU  |b slo 
041 0 |a slo 
100 1 |a Hanzel, Tomáš  |u 070400  |4 aut  |U FIIT Fakulta informatiky a informačných technológií  |T FIIT Ústav počítačového inžinierstva a aplikovanej informatiky  |X 98137  |U I400  |Y 672  |7 98137 
242 0 1 |a KYC – Know Your Customer  |y eng 
245 1 0 |a KYC – Know Your Customer 
260 |c 2022 
650 4 |a analýza dát  |2 slo 
650 4 |a strojové učenie  |2 slo 
650 4 |a kreditné skórovanie  |2 slo 
650 4 |a klasifikácia  |2 slo 
650 4 |a kreditné riziko  |2 slo 
650 4 |a credit scoring  |2 eng 
650 4 |a data analysis  |2 eng 
650 4 |a machine learning  |2 eng 
650 4 |a classification  |2 eng 
650 4 |a credit risk  |2 eng 
700 1 |a Bindas, Bystrík  |u 070400  |k Z2  |4 ths  |U FIIT Fakulta informatiky a informačných technológií  |T FIIT Ústav počítačového inžinierstva a aplikovanej informatiky  |X 99233  |U I400  |Y 672  |7 99233 
856 4 |u http://is.stuba.sk/zp/portal_zp.pl?podrobnosti=149755